Pokémon - Les attaques de Floramantis - Statistiques

Statistiques générales
  • Ce quiz a été pris 15 fois
  • Le résultat moyen est 10 sur 16
Statistiques - réponses
Niveaux Types Noms des attaques % Correct
Départ Plante Feuillage
90%
Niveau 51 Feu Zénith
90%
Niveau 63 Plante Lame Solaire
80%
Niveau 30 Insecte Plaie Croix
80%
Niveau 37 Plante Synthèse
70%
Départ Évolution Plante Tempête Florale
70%
Niveau 25 Normal Tranche
70%
Niveau 15 Plante Tranch'Herbe
70%
Niveau 44 Plante Lame Feuille
60%
Départ Plante Lance-Soleil
60%
Départ Insecte Taillade
60%
Départ Ténèbres Tranche-Nuit
50%
Départ Normal Croissance
40%
Départ Dragon Double Baffe
40%
Niveau 20 Normal Doux Parfum
30%
Départ Plante Racines
30%
Aucun quiz correspondant
Distribution des résultats
% des personnes avec chaque résultat
Percentile par nombre de réponses
Votre historique - résultats
Vous n’avez pas pris ce quiz